Archivos del presente /

Guardado en:
Autor Corporativo: Fundación Foro del Sur
Formato: Revista
Idioma:Spanish
Publicado: Buenos Aires : Fundación Foro del Sur, 1997- .
Materias:
Etiquetas: Agregar Etiqueta
Sin Etiquetas, Sea el primero en etiquetar este registro!
LEADER 00658nas a2200181 4500
001 CARPC.003036
005 20080606161600.0
008 030310c19979999ag#q|#p#######0###a0spa||
022 |a 0328-3151 
210 0 |a Archiv. del presente 
245 0 0 |a Archivos del presente /  |c Fundación Foro del Sur. 
260 |a Buenos Aires :  |b Fundación Foro del Sur,  |c 1997- . 
310 |a Trimestral. 
362 0 |a No. 8 (1997)- . 
710 2 |a Fundación Foro del Sur 
653 |a Ciencias sociales 
110 ^ i |t 201105130811  |x 1305285115 
866 |9 EUN  |a 1997-1998; 1999 (15,17-18); 2000-2004; 2005 (36); 2006 (39-40,42); 2007 (44-45); 2008; 2009 (50); 2010-2017; 2018 (67-69)  |s  327 Ar25